Les lipides - Statistiques

Statistiques générales
  • Ce quiz a été pris 36 fois
  • Le résultat moyen est 2 sur 17
Statistiques - réponses
Hint Réponse % Correct
les lipides sont ... hydrophobes
63%
exemple de stéroides cholestérol
56%
les triglycérides saturée a températures ambiante sont liquide
25%
les triglycérides saturée a températures ambiante sont solide
25%
les queues hydrophobes des phospholipides sont souvent """"" ce qui reduit leur rigidité (membrane biologique) insaturée
13%
la fonction principale des graisses est le stockage d'énergie
13%
les stéroides ont un squelette carbonné constitué de 4 anneaux fusionnés
6%
les phospholipides ont une partie """ et une partie """" hydrophobe et hydrophile
6%
les mamiféres stockent leur réserve alimentaire à long terme dans les cellules adipeuses
6%
les chaines d'acides gras des triglycérides saturée sont non-linéaire
6%
un exemples de lipides triacylglycéroles
6%
le triglycérides insaturée contient des acides gras insaturée
0%
le triglycérides saturée contient des acides gras saturée (sans liaison double)
0%
les graisses végétales et de poissons sont insaturées
0%
les chaines d'acides gras des triglycérides saturée sont linéaire
0%
le triacylglycérole est composée de un glycérol et 3 acides gras
0%
le phosphoglycérolipides un groupement phosphate et du glycérol et 2 acides gras
0%
Aucun quiz correspondant
Distribution des résultats
% des personnes avec chaque résultat
Percentile par nombre de réponses
Votre historique - résultats
Vous n’avez pas pris ce quiz